000 00248nam a22001097a 4500
008 170117b xxu||||| |||| 00| 0 eng d
020 _a9781401815240
041 _aeng
080 _a618.2
245 _aHEALTH& WELLNESS
_cROBINSON, J
942 _2udc
_cBK
999 _c2997
_d2997